Análisis de la formación de docentes para el sistema educativo en los sectores universitarios público y privado

Guardat en:
Dades bibliogràfiques
Autor principal: Venegas Renauld, María Eugenia
Format: Text
Publicat: San José :
Matèries:
Etiquetes: Afegir etiqueta
Sense etiquetes, Sigues el primer a etiquetar aquest registre!

MARC

LEADER 00000 a a2200000 04500
001 18839
003
040
090 |a 144519  
100 |a Venegas Renauld, María Eugenia  
245 |a Análisis de la formación de docentes para el sistema educativo en los sectores universitarios público y privado  
260 |a San José :  
300 |a 18 p.  
650 |a FORMACION DE DOCENTES  
650 |a ENSEÑANZA SUPERIOR  
650 |a ORIENTACION PEDAGOGICA  
999 |c 1261  |d 1261